Zvyšovanie trvanlivosti rezných nástrojov s vymeniteľnými reznými platničkami
Na minha lista:
| Autor principal: | |
|---|---|
| Outros Autores: | |
| Formato: | Manuscrito Livro |
| Idioma: | eslovaco |
| Publicado em: |
2015
|
| Assuntos: | |
| Acesso em linha: | http://is.stuba.sk/zp/portal_zp.pl?podrobnosti=96216 |
| Tags: |
Sem tags, seja o primeiro a adicionar uma tag!
|
MARC
| LEADER | 00000ntm a22000003a 4500 | ||
|---|---|---|---|
| 001 | stuzp51102 | ||
| 003 | SK-STU | ||
| 005 | 20160719153744.2 | ||
| 007 | ta | ||
| 008 | 150427s2015----xo-----f-mn---000-0-slo-d | ||
| 040 | |a STU |b slo | ||
| 041 | 0 | |a slo | |
| 100 | 1 | |a Benuš, Patrik |u 063000 |4 aut |U MTF Materiálovotechnologická fakulta |T MTF Ústav výrobných technológií |X 46859 |U M3000 |Y 83 |7 46859 | |
| 242 | 0 | 1 | |a Increasing the durability of cutting tools with replaceable cutting inserts |y eng |
| 245 | 1 | 0 | |a Zvyšovanie trvanlivosti rezných nástrojov s vymeniteľnými reznými platničkami |
| 260 | |c 2015 | ||
| 650 | 4 | |a trvanlivosť |2 slo | |
| 650 | 4 | |a rezná platnička |2 slo | |
| 650 | 4 | |a povlakovanie |2 slo | |
| 650 | 4 | |a opotrebenie |2 slo | |
| 650 | 4 | |a skúšky trvanlivosti |2 slo | |
| 650 | 4 | |a durability tests |2 eng | |
| 650 | 4 | |a durability |2 eng | |
| 650 | 4 | |a coating |2 eng | |
| 650 | 4 | |a cutting inserts |2 eng | |
| 650 | 4 | |a wear |2 eng | |
| 700 | 1 | |a Baránek, Ivan |4 ths |X 3578 |7 A000003578 | |
| 856 | 4 | |u http://is.stuba.sk/zp/portal_zp.pl?podrobnosti=96216 | |
| 996 | |c M* BP-7042 |l MMSKP |s P |a 0 |w stuzp51102_0001 | ||
| SQL | |a stuzp51102 |b DBP |c SLO |d Zvyšovanie trvanlivosti rezných nástrojov s vymeniteľnými reznými platničkami |e 46859 |f Benuš, Patrik |g 063000 |h 3578 |i Baránek, Ivan |j 20150622 |k 178 |l 06 |m http://is.stuba.sk/zp/portal_zp.pl?podrobnosti=96216 |n B-VTE |o 5.2.51. výrobné technológie | ||